header

Global banking regulation and supervision (Record no. 61869)

MARC details
000 -LEADER
fixed length control field 01549nam a2200385 a 4500
082 04 - DEWEY DECIMAL CLASSIFICATION NUMBER
Classification number 354.8/6211
100 1# - MAIN ENTRY--AUTHOR NAME
Personal name Barth, James R.
245 10 - TITLE STATEMENT
Title Global banking regulation and supervision
260 ## - PUBLICATION, DISTRIBUTION, ETC. (IMPRINT)
Place of publication New York :
Name of publisher Nova Science Publishers,
Year of publication c2009.
300 ## - PHYSICAL DESCRIPTION
Number of Pages 97 p. :
Other physical details ill.
490 1# - SERIES STATEMENT
Series statement Financial institutions and services series
650 #0 - SUBJECT ADDED ENTRY--TOPICAL TERM
Topical Term Banks and banking.
Topical Term Financial institutions
Topical Term Globalization.
700 1# - ADDED ENTRY--PERSONAL NAME
Personal name Gan, Jie.
Personal name Nolle, Daniel E.,
856 40 - ELECTRONIC LOCATION AND ACCESS
Uniform Resource Identifier http://site.ebrary.com/lib/rucke/Doc?id=10670869

No items available.

© 2026 Rongo University
Contact us: librarian | system librarian | Rongo university